ბათუმის შოთა რუსთაველის სახელმწიფო უნივერსიტეტის ბიბლიოთეკა

დამხმარე სახელმძღვანელო საკურსო და საკვალიფიკაციო ნაშრომების შესასრულებლად "სატუმბო სადგურების დაგეგმარება". / (ბიბ.ჩანაწერი № 37450)

000 -ლიდერი
ფიქსირებული სიგრძის საკონტროლო ველი 01809nam a2200277Ia 4500
001 - საკონტროლო ნომერი
საკონტროლო ველი 3409
003 - საკონტროლო ნომრის იდენტიფიკატორი
საკონტროლო ველი GE_BSU
005 - ბოლო ოპერაციის თარიღი და დრო
საკონტროლო ველი 20190620204916.0
008 - ფიქსირებული სიგრძის მონაცემთა ელემენტები - ზოგადი ინფორმაცია
ფიქსირებული სიგრძის საკონტროლო ველი 181216s2010|||| |||||||||||||| ||geo||
020 ## - წიგნის საერთაშორისო სტანდარტული ნომერი
International Standard Book Number 9789941024146
040 ## - კატალოგიზაციის წყარო
Transcribing agency GE_BSU
041 ## - ენის კოდი
Language code of text/sound track or separate title geo
080 ## - უნივერსალური ათობითი კლასიფიკაციის ინდექსი
Universal Decimal Classification number 628.12(072) დ–18
245 ## - ცნობა სათაურის შესახებ
Title დამხმარე სახელმძღვანელო საკურსო და საკვალიფიკაციო ნაშრომების შესასრულებლად "სატუმბო სადგურების დაგეგმარება". /
Statement of responsibility, etc შემდგ : ზ. ნ. მეგრელიშვილი, ნინო დონდოლაძე ; ნანა დონდოლაძე ; ბ.გ. ხუციშვილი ; რედ : ლ. კლიმიაშვილი.
264 ## - წარმოების, გამოცემის, დისტრიბუციის და სხვა ცნობები
გამოცემის, წარმოების, დისტრიბუციის... ადგილი ბათუმი,
გამოცემის, წარმოების, დისტრიბუციის... თარიღი 2010.
300 ## - ფიზიკური აღწერა
Extent 124 გვ .:
Other physical details ცხრ., ნახ. ;
Dimensions 19 სმ.
Accompanying material დანართები: გვ. 87-123.
504 ## - BIBLIOGRAPHY, ETC. NOTE
Bibliography, etc ბიბლიოგრ.: გვ. 86.
653 ## - INDEX TERM--UNCONTROLLED
Uncontrolled term სატუმბო სადგურების დაგეგმარება
700 ## - ADDED ENTRY--PERSONAL NAME
Personal name მეგრელიშვილი, ზ.ნ
Relator term შემდგენელი
9 (RLIN) 1928
700 ## - ADDED ENTRY--PERSONAL NAME
Personal name დონდოლაძე, ნანა
Relator term შემდგენელი
9 (RLIN) 1929
700 ## - ADDED ENTRY--PERSONAL NAME
Personal name დონდოლაძე, ნინო
Relator term შემდგენელი
9 (RLIN) 1930
700 ## - ADDED ENTRY--PERSONAL NAME
Personal name ხუციშვილი, ბ.გ
Relator term შემდგენელი
9 (RLIN) 1931
700 ## - ADDED ENTRY--PERSONAL NAME
Personal name კლიმიაშვილი, ლ
Relator term რედაქტორი
9 (RLIN) 1932
710 ## - ADDED ENTRY--CORPORATE NAME
Corporate name or jurisdiction name as entry element საქ. განათლ. სამინ., შ. რუსთაველის სახელმწ. უნ-ტი
9 (RLIN) 1933
942 ## - ADDED ENTRY ELEMENTS (KOHA)
Koha item type წიგნი
Source of classification or shelving scheme
ეგზემპლარები
ჩამოწერის სტატუსი დაკარგული ეგზემპლარის სტატუსი კლასიფიკაციის წყარო ან თაროზე გაწყობის სქემა დაზიანების სტატუსი არ გაიცემა მუდმივი მდებარეობა (დაცვის ადგილი) ამჟამინდელი ადგილსამყოფელი თაროზე განთავსების ადგილი შეძენის თარიღი ღირებულება, შესყიდვის ნორმალური ფასი სრული შენახვის შიფრი შტრიხკოდი ბოლო ოპერაციის თარიღი ეგზემპლარის მიმდევრობითი ნომერი (კეტერი?) ფასის ძალაში შესვლის თარიღი ეგზემპლარის სახეობა საჯარო შენიშვნა
          ტექნოლოგიური ფაკულტეტის ბიბლიოთეკა ტექნოლოგიური ფაკულტეტის ბიბლიოთეკა წიგნსაცავი 2018-12-17 2.00 628.12(072) დ–18 9964 2018-12-17 9964 2018-12-17 წიგნი 2 ლ.
          ტექნოლოგიური ფაკულტეტის ბიბლიოთეკა ტექნოლოგიური ფაკულტეტის ბიბლიოთეკა წიგნსაცავი 2018-12-17 2.00 628.12(072) დ–18 9963 2018-12-17 9963 2018-12-17 წიგნი 2 ლ.
          ტექნოლოგიური ფაკულტეტის ბიბლიოთეკა ტექნოლოგიური ფაკულტეტის ბიბლიოთეკა წიგნსაცავი 2018-12-17 2.00 628.12(072) დ–18 9962 2018-12-17 9962 2018-12-17 წიგნი 2 ლ.
          ტექნოლოგიური ფაკულტეტის ბიბლიოთეკა ტექნოლოგიური ფაკულტეტის ბიბლიოთეკა წიგნსაცავი 2018-12-17 2.00 628.12(072) დ–18 10095 2018-12-17 10095 2018-12-17 წიგნი 2 ლ.
          ტექნოლოგიური ფაკულტეტის ბიბლიოთეკა ტექნოლოგიური ფაკულტეტის ბიბლიოთეკა წიგნსაცავი 2018-12-17 2.00 628.12(072) დ–18 48224 2018-12-17 48224 2018-12-17 წიგნი 2 ლ.
          ტექნოლოგიური ფაკულტეტის ბიბლიოთეკა ტექნოლოგიური ფაკულტეტის ბიბლიოთეკა წიგნსაცავი 2019-06-20 2.80 628.12(072) დ–18 12394 2019-06-20 12394 2019-06-20 წიგნი 2.80 ლ.